| 000 | 00646ntaaa2200205 4500 | ||
|---|---|---|---|
| 003 | 01 | ||
| 005 | 20251027201716.0 | ||
| 008 | 0714s1973 ag 01 | ||
| 040 |
_aAR-BaBN _bspa _cAR-BaBN _eaacr _dRIC |
||
| 082 | _a234.0000 In4 | ||
| 245 | _aChildren and conversion | ||
| 250 | _a1 ed. | ||
| 260 |
_aNashville : _bBroadman Press, _c1970 |
||
| 300 | _a160 p | ||
| 500 | _aUna consideración bíblica, teológica y práctica de cómo y cuándo líderes cristianos deben procurar guiar a los niños a hacer una decisión para Cristo | ||
| 650 | _aniños | ||
| 650 |
_aevangelismo-niños _915648 |
||
| 700 |
_aIngle, Clifford _915649 |
||
| 942 | _cBK | ||
| 999 |
_c11746 _d11746 |
||